[Event "Madrid-ch 2008 Semifinal A"]
[Site "Madrid ESP"]
[Date "2008.01.07"]
[Round "1.1"]
[White "Lopez Heras, Arturo"]
[Black "Ballesteros Gonzalez, David"]
[Result "0-1"]
[WhiteElo "2040"]
[BlackElo "2285"]
[PlyCount "66"]
[EventDate "2008.01.07"]
[EventType "swiss"]
[EventRounds "9"]
[EventCountry "ESP"]
[Source "lmi"]
[SourceDate "2008.01.07"]

1. e4 g6 2. d4 d6 3. Nc3 c6 4. Be2 Bg7 5. Be3 Nf6 6. g4 Qa5 7. Kf1 h5 8. g5
Nfd7 9. h4 c5 10. Nd5 e6 11. Nf4 Qb6 12. dxc5 dxc5 13. Nd3 Qc6 14. Bf3 c4 15.
Nb4 Qb5 16. c3 Ne5 17. Be2 a5 18. a4 Qd7 19. Nc2 Qxd1+ 20. Rxd1 Bd7 21. Nd4
Bxa4 22. Ra1 Bd7 23. f4 Ng4 24. Bd2 Nc6 25. Nb5 O-O 26. Bxc4 Rfd8 27. Nf3 Na7
28. Nbd4 a4 29. Kg2 Nc6 30. Rhe1 Rac8 31. Bd3 e5 32. fxe5 Ncxe5 33. Bb5 Nxf3
0-1

[Event "Madrid-ch 2008 Semifinal A"]
[Site "Madrid ESP"]
[Date "2008.01.07"]
[Round "1.2"]
[White "Tamayo Romay, Francisco Javier"]
[Black "Cortes Jurado, Rafael"]
[Result "1/2-1/2"]
[WhiteElo "2040"]
[BlackElo "2039"]
[PlyCount "79"]
[EventDate "2008.01.07"]
[EventType "swiss"]
[EventRounds "9"]
[EventCountry "ESP"]
[Source "lmi"]
[SourceDate "2008.01.07"]

1. e4 c5 2. d4 cxd4 3. c3 dxc3 4. Nxc3 Nc6 5. Nf3 e6 6. Bc4 Qc7 7. Qe2 Nf6 8.
O-O Ng4 9. Nb5 Qb8 10. h3 h5 11. g3 Nge5 12. Nxe5 Nxe5 13. f4 Nc6 14. Be3 a6
15. Nc3 b5 16. Bd3 Bb7 17. Rae1 Qc7 18. Qf2 Rc8 19. Rc1 Qb8 20. e5 d5 21. Ne2
Be7 22. Nd4 Nxd4 23. Bxd4 Kd7 24. a4 Rxc1 25. Rxc1 bxa4 26. Ba7 Qa8 27. Qd4 Rc8
28. Qxa4+ Rc6 29. Bd4 Qc8 30. Kf2 Qc7 31. Ke2 Kd8 32. Rxc6 Qxc6 33. Qxc6 Bxc6
34. Bxa6 Bb4 35. g4 hxg4 36. hxg4 g6 37. Kd3 Kc7 38. Ba7 Bb7 39. Bb5 Bc6 40.
Ba6 1/2-1/2

[Event "Madrid-ch 2008 Semifinal A"]
[Site "Madrid ESP"]
[Date "2008.01.07"]
[Round "1.3"]
[White "Vallejo Nuno, Jorge"]
[Black "De la Fuente Gonzalez, Francisco"]
[Result "0-1"]
[WhiteElo "2022"]
[BlackElo "2226"]
[PlyCount "58"]
[EventDate "2008.01.07"]
[EventType "swiss"]
[EventRounds "9"]
[EventCountry "ESP"]
[Source "lmi"]
[SourceDate "2008.01.07"]

1. e4 e5 2. Nf3 Nf6 3. Bc4 Nxe4 4. Nc3 Nf6 5. Nxe5 d5 6. Bb3 c6 7. O-O Bd6 8.
d4 O-O 9. Bg5 h6 10. Bh4 Nbd7 11. f4 Be7 12. Kh1 Nxe5 13. fxe5 Ng4 14. Bxe7
Qxe7 15. Qe1 h5 16. h3 Nh6 17. Rf4 Be6 18. Qf2 Qg5 19. Ne2 Nf5 20. Rf1 g6 21.
g4 hxg4 22. Rxg4 Qh6 23. Nf4 Kh7 24. Rfg1 Rg8 25. Rg5 Qh4 26. Qd2 Ng7 27. Kh2
Bf5 28. c3 Ne6 29. Nxe6 Qxh3# 0-1

[Event "Madrid-ch 2008 Semifinal A"]
[Site "Madrid ESP"]
[Date "2008.01.07"]
[Round "1.4"]
[White "Nuñez Munoz, Jesus"]
[Black "Martin Mazuelo, Miguel Angel"]
[Result "1-0"]
[WhiteElo "2223"]
[BlackElo "1987"]
[PlyCount "97"]
[EventDate "2008.01.07"]
[EventType "swiss"]
[EventRounds "9"]
[EventCountry "ESP"]
[Source "lmi"]
[SourceDate "2008.01.07"]

1. e4 c5 2. Nf3 d6 3. d4 cxd4 4. Nxd4 Nf6 5. Nc3 e6 6. Be2 a6 7. O-O b5 8. Bf3
e5 9. Nf5 Be6 10. Bg5 Nc6 11. Nd5 Bxd5 12. Bxf6 gxf6 13. Qxd5 Qc7 14. Rfd1 Rd8
15. c3 Na5 16. a4 Nc4 17. axb5 a5 18. Be2 Nb6 19. Qc6+ Qxc6 20. bxc6 Ra8 21.
Bb5 Kd8 22. Nxd6 Bxd6 23. Rxd6+ Ke7 24. Rad1 Rhd8 25. Rxd8 Rxd8 26. Rxd8 Kxd8
27. Kf1 Nc8 28. Bc4 Nd6 29. Bd5 Kc7 30. Ke2 a4 31. Kd3 Kb6 32. Kc2 Kc5 33. Kb1
f5 34. c7 Kb6 35. exf5 f6 36. Ka2 Kxc7 37. Ka3 Nc8 38. Bg8 h6 39. Kxa4 Nd6 40.
g4 Ne4 41. f3 Nd2 42. Bd5 Kd6 43. c4 Nf1 44. h4 Ne3 45. b4 Nc2 46. Be4 Nd4 47.
c5+ Kc7 48. b5 Ne2 49. b6+ 1-0

[Event "Madrid-ch 2008 Semifinal A"]
[Site "Madrid ESP"]
[Date "2008.01.07"]
[Round "1.5"]
[White "Camarero Izquierdo, Juan Carlos"]
[Black "Martin Rodriguez, Emilio"]
[Result "1-0"]
[WhiteElo "1985"]
[BlackElo "2153"]
[PlyCount "131"]
[EventDate "2008.01.07"]
[EventType "swiss"]
[EventRounds "9"]
[EventCountry "ESP"]
[Source "lmi"]
[SourceDate "2008.01.07"]

1. e4 c5 2. Nf3 Nf6 3. Nc3 d5 4. e5 Nfd7 5. e6 fxe6 6. Ng5 Nf6 7. Be2 Nc6 8.
Bg4 Qd6 9. O-O Qf4 10. Bh5+ g6 11. d3 Qd6 12. Nb5 Qd7 13. Bg4 Ne5 14. Bf4 Nfxg4
15. h3 Nf6 16. Nxe6 Kf7 17. Nbc7 Qd6 18. Ng5+ Kg8 19. Nxa8 Nh5 20. Bh2 Qf6 21.
Re1 Nf4 22. Bxf4 Qxf4 23. Qc1 Qf6 24. Qe3 Bg7 25. Qxc5 Qxg5 26. Qxc8+ Kf7 27.
Qxb7 Nf3+ 28. Kf1 Nxe1 29. Rxe1 Rd8 30. Nc7 Rd6 31. Nxd5 Rxd5 32. Rxe7+ Qxe7
33. Qxd5+ Qe6 34. Qb7+ Qe7 35. Qxe7+ Kxe7 36. c3 Ke6 37. Ke2 Bh6 38. b4 Kd5 39.
a4 Bg5 40. g3 h5 41. f4 Bd8 42. a5 Bf6 43. Kd2 Be7 44. Ke3 Bf6 45. c4+ Ke6 46.
d4 Be7 47. b5 Bd8 48. b6 a6 49. Ke4 Kd6 50. g4 hxg4 51. hxg4 Be7 52. c5+ Kc6
53. Ke5 Kd7 54. Kd5 Bf6 55. c6+ Kc8 56. f5 gxf5 57. gxf5 Bg7 58. Kc4 Bf6 59. d5
Be7 60. Kd4 Bb4 61. f6 Bxa5 62. Kc5 Bc3 63. b7+ Kb8 64. f7 Bg7 65. Kd6 a5 66.
Kd7 1-0

[Event "Madrid-ch 2008 Semifinal A"]
[Site "Madrid ESP"]
[Date "2008.01.07"]
[Round "1.6"]
[White "De Paz Nistal, Santiago"]
[Black "Ortega Morales, Pedro"]
[Result "1/2-1/2"]
[WhiteElo "2102"]
[BlackElo "1939"]
[PlyCount "90"]
[EventDate "2008.01.07"]
[EventType "swiss"]
[EventRounds "9"]
[EventCountry "ESP"]
[Source "lmi"]
[SourceDate "2008.01.07"]

1. e4 e5 2. Nf3 Nc6 3. Bb5 Nf6 4. O-O Nxe4 5. Bxc6 dxc6 6. Nxe5 Be7 7. d4 O-O
8. Be3 Be6 9. Nd2 Nd6 10. c3 Nf5 11. Bf4 c5 12. dxc5 Bxc5 13. Ne4 Qxd1 14.
Raxd1 Be7 15. b3 h6 16. Nd7 Rfd8 17. Ndc5 Rxd1 18. Rxd1 Nd6 19. Nxd6 cxd6 20.
Nxb7 d5 21. Be5 Rc8 22. h3 Rc6 23. b4 Ra6 24. Rd2 Rc6 25. Na5 Rc8 26. Kf1 Bd8
27. Nb3 Bb6 28. Rc2 Bf5 29. Rc1 Bd3+ 30. Kg1 Re8 31. Bd4 Re2 32. a4 Bc4 33. Nc5
Ra2 34. a5 Bxc5 35. Bxc5 a6 36. Re1 Re2 37. Rxe2 Bxe2 38. h4 h5 39. f3 f6 40.
Kf2 Bb5 41. Ke3 Kf7 42. Kd4 Ke6 43. Bf8 g6 44. g3 Be2 45. Ke3 Bc4 1/2-1/2

[Event "Madrid-ch 2008 Semifinal A"]
[Site "Madrid ESP"]
[Date "2008.01.07"]
[Round "1.7"]
[White "Rodriguez Bachiller, Luis"]
[Black "Martin Martin, Luis Vicente"]
[Result "0-1"]
[WhiteElo "1895"]
[BlackElo "2093"]
[PlyCount "102"]
[EventDate "2008.01.07"]
[EventType "swiss"]
[EventRounds "9"]
[EventCountry "ESP"]
[Source "lmi"]
[SourceDate "2008.01.07"]

1. e4 e6 2. d4 d5 3. Nc3 dxe4 4. Nxe4 Nd7 5. Nf3 Ngf6 6. Bg5 Be7 7. Nxf6+ Nxf6
8. Bb5+ Bd7 9. Bxd7+ Qxd7 10. O-O h6 11. Bh4 Qb5 12. b3 Qh5 13. Bg3 O-O-O 14.
Ne5 Rhf8 15. h3 Qf5 16. f3 Nd5 17. Qd3 Qxd3 18. Nxd3 Ne3 19. Rfc1 Nf5 20. Bf2
Nxd4 21. Bxd4 Rxd4 22. Re1 Bf6 23. Rab1 Rfd8 24. Re2 R4d5 25. g3 Bc3 26. f4 h5
27. a4 g5 28. Rf1 Rg8 29. Kh2 Rg7 30. Rf3 c6 31. Rfe3 Ba5 32. Re5 Bc7 33. Rxd5
cxd5 34. Rf2 gxf4 35. Nxf4 Bxf4 36. Rxf4 Kd7 37. Rh4 Rg5 38. Rb4 Kc6 39. Kg2 b6
40. Kf3 e5 41. Rh4 f6 42. g4 hxg4+ 43. hxg4 Kc5 44. Rh7 e4+ 45. Kf4 Re5 46. Rh5
Kd4 47. Rh1 e3 48. Rd1+ Kc3 49. Rd3+ Kxc2 50. Rxe3 Rxe3 51. Kxe3 Kc3 0-1

[Event "Madrid-ch 2008 Semifinal A"]
[Site "Madrid ESP"]
[Date "2008.01.07"]
[Round "1.8"]
[White "Alvarez Abejon, Amilcar"]
[Black "Ruiz Quevedo, Andres"]
[Result "0-1"]
[WhiteElo "2080"]
[BlackElo "1894"]
[PlyCount "121"]
[EventDate "2008.01.07"]
[EventType "swiss"]
[EventRounds "9"]
[EventCountry "ESP"]
[Source "lmi"]
[SourceDate "2008.01.07"]

1. e4 e5 2. Nf3 Nf6 3. Nxe5 d6 4. Nf3 Nxe4 5. c4 Be7 6. Nc3 Nf6 7. d4 Bg4 8. h3
Bh5 9. Be2 Nbd7 10. O-O O-O 11. Bg5 Re8 12. Re1 h6 13. Be3 Bg6 14. Bd3 Bxd3 15.
Qxd3 Bf8 16. Re2 g6 17. Rae1 a6 18. Nh2 Bg7 19. Qd2 Kh7 20. Ng4 Nxg4 21. hxg4
Nb6 22. b3 Qd7 23. f3 Re7 24. g5 hxg5 25. Bxg5 Rxe2 26. Rxe2 Re8 27. Ne4 Qf5
28. Kf2 d5 29. g4 Qd7 30. Nf6+ Bxf6 31. Bxf6 Rxe2+ 32. Qxe2 Qe6 33. Qxe6 fxe6
34. c5 Nd7 35. Bd8 c6 36. Bc7 g5 37. Kg3 Nf6 38. Be5 Nd7 39. f4 Kg6 40. Bh8 Kh7
41. Be5 Kg6 42. Bc7 Nf6 43. Kf3 Nd7 44. Bd8 gxf4 45. Kxf4 Kf7 46. Bh4 Kg6 47.
Be7 Kf7 48. Bd8 Kg6 49. Bg5 Kf7 50. Bh4 Kg6 51. Bd8 Kf7 52. Bc7 Kg6 53. Kg3 Nf8
54. Bd6 Nd7 55. Kh4 Nf6 56. Bf4 Ne4 57. Bd6 Nc3 58. a4 Na2 59. Bf4 Nb4 60. Be5
Nd3 61. Bg3 0-1

[Event "Madrid-ch 2008 Semifinal A"]
[Site "Madrid ESP"]
[Date "2008.01.08"]
[Round "2.1"]
[White "Ballesteros Gonzalez, David"]
[Black "Martin Martin, Luis Vicente"]
[Result "1-0"]
[WhiteElo "2285"]
[BlackElo "2093"]
[PlyCount "96"]
[EventDate "2008.01.07"]
[EventType "swiss"]
[EventRounds "9"]
[EventCountry "ESP"]
[Source "lmi"]
[SourceDate "2008.01.07"]

1. d4 Nf6 2. Nf3 e6 3. g3 b6 4. Bg2 Bb7 5. O-O Be7 6. c4 O-O 7. Nc3 Ne4 8. Qc2
Nxc3 9. bxc3 c5 10. Ng5 Bxg5 11. Bxb7 Bxc1 12. Bxa8 Bg5 13. Bg2 Qc7 14. d5 d6
15. a4 a5 16. Rab1 e5 17. Qb3 Nd7 18. e4 Bd8 19. Qc2 Nf6 20. f4 Qe7 21. Rbe1
Ne8 22. Bh3 Qc7 23. Qb3 Bf6 24. Rf3 Bd8 25. Qb5 Nf6 26. fxe5 dxe5 27. Qc6 Ne8
28. Ref1 f6 29. Qe6+ Kh8 30. Rd1 Nd6 31. Bf1 Qe7 32. Re3 Qxe6 33. dxe6 Be7 34.
Red3 Rd8 35. Rd5 Kg8 36. Rb1 Rb8 37. Bd3 Ne8 38. Rd7 Kf8 39. Kg2 g6 40. g4 Ng7
41. g5 Nxe6 42. gxf6 Bxf6 43. Kf3 Be7 44. Bf1 Ke8 45. Ra7 h5 46. Rxa5 Rd8 47.
Rab5 Ra8 48. Rxb6 Rxa4 1-0

[Event "Madrid-ch 2008 Semifinal A"]
[Site "Madrid ESP"]
[Date "2008.01.08"]
[Round "2.2"]
[White "De la Fuente Gonzalez, Francisco"]
[Black "Camarero Izquierdo, Juan Carlos"]
[Result "1-0"]
[WhiteElo "2226"]
[BlackElo "1985"]
[PlyCount "71"]
[EventDate "2008.01.07"]
[EventType "swiss"]
[EventRounds "9"]
[EventCountry "ESP"]
[Source "lmi"]
[SourceDate "2008.01.07"]

1. c4 e5 2. Nc3 Nf6 3. g3 Bc5 4. Bg2 O-O 5. d3 c6 6. Nf3 Re8 7. O-O h6 8. d4
exd4 9. Nxd4 d6 10. Bf4 Na6 11. a3 Nh5 12. Be3 Bg4 13. b4 Bb6 14. b5 Nc5 15.
bxc6 Rb8 16. Nd5 Ne4 17. cxb7 Bxd4 18. Qxd4 Bf5 19. Qxa7 Qd7 20. Qd4 Rxb7 21.
f3 Nc5 22. Qh4 Bg6 23. g4 Nf6 24. Nxf6+ gxf6 25. Bd4 Ne6 26. Bxf6 Kh7 27. f4
Nxf4 28. Rxf4 Rxe2 29. Rf2 Rxf2 30. Qxf2 Rb3 31. h3 Qe6 32. Bh4 f5 33. gxf5
Bxf5 34. Re1 Qd7 35. Re7+ Qxe7 36. Qxf5+ 1-0

[Event "Madrid-ch 2008 Semifinal A"]
[Site "Madrid ESP"]
[Date "2008.01.08"]
[Round "2.3"]
[White "Ruiz Quevedo, Andres"]
[Black "Nuñez Munoz, Jesus"]
[Result "1/2-1/2"]
[WhiteElo "1894"]
[BlackElo "2223"]
[PlyCount "49"]
[EventDate "2008.01.07"]
[EventType "swiss"]
[EventRounds "9"]
[EventCountry "ESP"]
[Source "lmi"]
[SourceDate "2008.01.07"]

1. b3 d5 2. Nf3 Bg4 3. e3 Nd7 4. Bb2 Ngf6 5. Be2 e6 6. O-O Be7 7. c4 c6 8. Nc3
O-O 9. Rc1 a6 10. cxd5 cxd5 11. Nd4 Bxe2 12. Ncxe2 Rc8 13. Rxc8 Qxc8 14. Qa1
Qb8 15. Nf3 Rc8 16. Rc1 Bd6 17. Ng3 Rxc1+ 18. Qxc1 Qc7 19. Qxc7 Bxc7 20. Kf1
Bd6 21. Ke2 Kf8 22. d3 Ke7 23. Nf1 g6 24. N1d2 Nc5 25. Be5 1/2-1/2

[Event "Madrid-ch 2008 Semifinal A"]
[Site "Madrid ESP"]
[Date "2008.01.08"]
[Round "2.4"]
[White "Ortega Morales, Pedro"]
[Black "Tamayo Romay, Francisco Javier"]
[Result "0-1"]
[WhiteElo "1939"]
[BlackElo "2240"]
[PlyCount "59"]
[EventDate "2008.01.07"]
[EventType "swiss"]
[EventRounds "9"]
[EventCountry "ESP"]
[Source "lmi"]
[SourceDate "2008.01.07"]

1. d4 d6 2. Bf4 g6 3. e3 Bg7 4. Nf3 Nf6 5. Be2 O-O 6. h3 Nbd7 7. O-O Qe8 8. Nc3
c6 9. e4 Kh8 10. Re1 b5 11. a3 Bb7 12. Qc1 a6 13. e5 dxe5 14. Nxe5 c5 15. dxc5
Nxc5 16. Bh6 Ne6 17. Bxg7+ Kxg7 18. Bf3 Qb8 19. Qe3 Bxf3 20. Nxf3 a5 21. a4 b4
22. Nb5 Rc8 23. Rac1 Rc4 24. Qd3 Qc8 25. b3 Rc5 26. c4 Nf4 27. Qe3 Ne6 28. Rcd1
Rh5 29. Nbd4 Ra6 30. Ne5 0-1

[Event "Madrid-ch 2008 Semifinal A"]
[Site "Madrid ESP"]
[Date "2008.01.08"]
[Round "2.5"]
[White "Lorenzo Bailador, Alfredo"]
[Black "De Paz Nistal, Santiago"]
[Result "1/2-1/2"]
[WhiteElo "2060"]
[BlackElo "2102"]
[PlyCount "82"]
[EventDate "2008.01.07"]
[EventType "swiss"]
[EventRounds "9"]
[EventCountry "ESP"]
[Source "lmi"]
[SourceDate "2008.01.07"]

1. e4 e5 2. Nf3 Nc6 3. Bc4 Be7 4. d4 d6 5. dxe5 Nxe5 6. Nxe5 dxe5 7. Qh5 g6 8.
Qxe5 Nf6 9. Bh6 Rg8 10. Bg5 Ng4 11. Qxe7+ Qxe7 12. Bxe7 Kxe7 13. Nc3 c6 14. O-O
Ne5 15. Be2 f6 16. Nd1 Rd8 17. Ne3 Be6 18. Rad1 Nf7 19. f3 Rd6 20. Kf2 Rad8 21.
b3 b6 22. Rxd6 Nxd6 23. Rd1 Rc8 24. Rd2 Rd8 25. Rd1 Rc8 26. Ba6 Rd8 27. Bd3 Rc8
28. c3 Rd8 29. Be2 Rc8 30. Bd3 Rd8 31. Ke2 Rc8 32. h3 Rd8 33. f4 Rc8 34. Kf3
Rd8 35. Be2 Rc8 36. g4 Rf8 37. Bd3 Rc8 38. Bf1 Rf8 39. Be2 Rc8 40. Rd2 Rf8 41.
Rd1 Rc8 1/2-1/2

[Event "Madrid-ch 2008 Semifinal A"]
[Site "Madrid ESP"]
[Date "2008.01.08"]
[Round "2.7"]
[White "Martin Rodriguez, Emilio"]
[Black "Vallejo Nuno, Jorge"]
[Result "1-0"]
[WhiteElo "2153"]
[BlackElo "2022"]
[PlyCount "63"]
[EventDate "2008.01.07"]
[EventType "swiss"]
[EventRounds "9"]
[EventCountry "ESP"]
[Source "lmi"]
[SourceDate "2008.01.07"]

1. d4 d5 2. c4 e6 3. Nf3 c6 4. Nc3 Nf6 5. Bg5 Nbd7 6. cxd5 exd5 7. e3 Be7 8.
Bd3 O-O 9. Qc2 h6 10. Bh4 Re8 11. O-O b6 12. Rae1 Bb7 13. e4 dxe4 14. Nxe4 Nxe4
15. Bxe7 Qxe7 16. Rxe4 Qf6 17. Rfe1 Rxe4 18. Bxe4 Qd6 19. Rc1 Nf6 20. Bd3 Nd5
21. Bc4 Rc8 22. Qf5 Rc7 23. Ne5 Bc8 24. Nxf7 Qb4 25. Nxh6+ gxh6 26. Bxd5+ cxd5
27. Qxd5+ Rf7 28. Rxc8+ Kg7 29. Qe5+ Kh7 30. Rh8+ Kg6 31. Rg8+ Kh7 32. Qh8# 1-0

[Event "Madrid-ch 2008 Semifinal A"]
[Site "Madrid ESP"]
[Date "2008.01.08"]
[Round "2.8"]
[White "Perez Cameselle, Francisco Jose"]
[Black "Alvarez Abejon, Amilcar"]
[Result "0-1"]
[WhiteElo "1993"]
[BlackElo "2080"]
[PlyCount "30"]
[EventDate "2008.01.07"]
[EventType "swiss"]
[EventRounds "9"]
[EventCountry "ESP"]
[Source "lmi"]
[SourceDate "2008.01.07"]

1. e4 c5 2. Nf3 g6 3. d4 cxd4 4. Nxd4 Nc6 5. Nc3 Bg7 6. Be3 Nf6 7. Bc4 O-O 8.
f3 Qb6 9. Ncb5 a6 10. Nc3 Qxb2 11. Nde2 Nxe4 12. fxe4 Bxc3+ 13. Kf2 Qxa1 14.
Qxa1 Bxa1 15. Rxa1 Ne5 0-1

[Event "Madrid-ch 2008 Semifinal A"]
[Site "Madrid ESP"]
[Date "2008.01.08"]
[Round "2.9"]
[White "Martin Mazuelo, Miguel Angel"]
[Black "Lopez Heras, Arturo"]
[Result "1-0"]
[WhiteElo "1987"]
[BlackElo "2040"]
[PlyCount "97"]
[EventDate "2008.01.07"]
[EventType "swiss"]
[EventRounds "9"]
[EventCountry "ESP"]
[Source "lmi"]
[SourceDate "2008.01.07"]

1. e4 e5 2. Nf3 Nc6 3. d4 exd4 4. Bc4 Nf6 5. e5 d5 6. Bb5 Ne4 7. Nxd4 Bd7 8.
Bxc6 bxc6 9. O-O Bc5 10. c3 Bb6 11. Nd2 Ng5 12. f4 Ne6 13. N2b3 O-O 14. f5 Ng5
15. Qg4 f6 16. e6 Be8 17. Bxg5 fxg5 18. Rae1 Qe7 19. Kh1 h5 20. Qg3 g4 21. Qe5
Rf6 22. a4 a5 23. Nc1 Rd8 24. Nd3 c5 25. Nb5 c6 26. Na3 c4 27. Nc1 Bc7 28. Qe2
Rh6 29. Qf2 Qg5 30. Qe3 Qe7 31. Ne2 Rb8 32. Rb1 h4 33. Nd4 Qd6 34. Qg1 Rf6 35.
Nac2 c5 36. Nb5 Bxb5 37. axb5 Rxb5 38. Ne3 g3 39. Rfd1 gxh2 40. Qf2 h3 41. Rxd5
hxg2+ 42. Qxg2 Qf8 43. Rd7 Bd8 44. Nd5 Rb8 45. e7 Bxe7 46. Nxe7+ Kh7 47. Ng6
Qe8 48. Qh3+ Kg8 49. Qh8# 1-0

[Event "Madrid-ch 2008 Semifinal A"]
[Site "Madrid ESP"]
[Date "2008.01.09"]
[Round "3.1"]
[White "De la Fuente Gonzalez, Francisco"]
[Black "Ballesteros Gonzalez, David"]
[Result "0-1"]
[WhiteElo "2226"]
[BlackElo "2285"]
[PlyCount "92"]
[EventDate "2008.01.07"]
[EventType "swiss"]
[EventRounds "9"]
[EventCountry "ESP"]
[Source "lmi"]
[SourceDate "2008.01.07"]

1. c4 c5 2. g3 g6 3. Bg2 Bg7 4. Nc3 Nc6 5. Nf3 d6 6. O-O Nf6 7. d4 cxd4 8. Nxd4
Bd7 9. Nxc6 Bxc6 10. e4 O-O 11. Be3 a6 12. Nd5 Nd7 13. Bd4 e5 14. Be3 Nc5 15.
Qd2 Ne6 16. Bb6 Qd7 17. Rad1 Rac8 18. Be3 Bxd5 19. exd5 Nd4 20. b3 Rfe8 21. f4
f5 22. fxe5 dxe5 23. Rde1 Qd6 24. Bxd4 exd4 25. Rxe8+ Rxe8 26. Re1 Rxe1+ 27.
Qxe1 Bf8 28. Qe6+ Qxe6 29. dxe6 b6 30. Kf2 Kg7 31. Ke2 Kf6 32. Bd5 Ke5 33. Kd3
g5 34. Ke2 a5 35. Kd3 Be7 36. Ke2 h5 37. h3 g4 38. hxg4 hxg4 39. Kd2 Bd6 40.
Kd3 Kf6 41. Kxd4 Bxg3 42. Kd3 Bd6 43. Ke3 Kg5 44. Bb7 Bc5+ 45. Ke2 f4 46. Kd3
f3 0-1

[Event "Madrid-ch 2008 Semifinal A"]
[Site "Madrid ESP"]
[Date "2008.01.09"]
[Round "3.2"]
[White "Tamayo Romay, Francisco Javier"]
[Black "Ruiz Quevedo, Andres"]
[Result "1-0"]
[WhiteElo "2240"]
[BlackElo "1894"]
[PlyCount "59"]
[EventDate "2008.01.07"]
[EventType "swiss"]
[EventRounds "9"]
[EventCountry "ESP"]
[Source "lmi"]
[SourceDate "2008.01.07"]

1. e4 e5 2. Nf3 Nc6 3. Bc4 Bc5 4. c3 Qe7 5. d4 Bb6 6. Bg5 Nf6 7. d5 Nb8 8. d6
cxd6 9. O-O h6 10. Bxf6 Qxf6 11. Na3 Nc6 12. Nb5 O-O 13. Nxd6 Bc7 14. Nxc8
Raxc8 15. Qxd7 Qf4 16. Bd5 g5 17. Bxc6 bxc6 18. Qxc6 Kg7 19. Rad1 Bb6 20. Qd5
Rc5 21. Qd3 f5 22. exf5 e4 23. Qd4+ Kg8 24. Nd2 Rcxf5 25. Qc4+ Kh8 26. Nxe4 Qh4
27. Qe6 g4 28. Rd5 g3 29. hxg3 Rxf2 30. Rxf2 1-0

[Event "Madrid-ch 2008 Semifinal A"]
[Site "Madrid ESP"]
[Date "2008.01.09"]
[Round "3.4"]
[White "Alvarez Abejon, Amilcar"]
[Black "Martin Rodriguez, Emilio"]
[Result "1-0"]
[WhiteElo "2080"]
[BlackElo "2153"]
[PlyCount "57"]
[EventDate "2008.01.07"]
[EventType "swiss"]
[EventRounds "9"]
[EventCountry "ESP"]
[Source "lmi"]
[SourceDate "2008.01.07"]

1. d4 d5 2. c4 c6 3. Nf3 Nf6 4. e3 g6 5. Nc3 Bg7 6. h3 O-O 7. Bd3 c5 8. dxc5
Qa5 9. O-O Qxc5 10. Qe2 Nc6 11. cxd5 Nxd5 12. Nxd5 Qxd5 13. e4 Qh5 14. Be3 Rd8
15. Rac1 Bxh3 16. Rc5 e5 17. gxh3 Rxd3 18. Qxd3 Qxf3 19. Qd7 h5 20. Qxb7 Rb8
21. Qxc6 Qxh3 22. Rfc1 Qf3 23. Rb5 Rd8 24. Qc7 Rd1+ 25. Rxd1 Qxd1+ 26. Kh2 Qg4
27. Rb8+ Kh7 28. Qd8 Bf8 29. Qg5 1-0

[Event "Madrid-ch 2008 Semifinal A"]
[Site "Madrid ESP"]
[Date "2008.01.09"]
[Round "3.5"]
[White "De Paz Nistal, Santiago"]
[Black "Rodriguez Bachiller, Luis"]
[Result "1-0"]
[WhiteElo "2102"]
[BlackElo "1895"]
[PlyCount "115"]
[EventDate "2008.01.07"]
[EventType "swiss"]
[EventRounds "9"]
[EventCountry "ESP"]
[Source "lmi"]
[SourceDate "2008.01.07"]

1. e4 c5 2. Nc3 e6 3. g3 Nc6 4. Bg2 Nf6 5. d3 Be7 6. Nf3 d6 7. O-O a6 8. a3 Qc7
9. h3 b5 10. Be3 Bb7 11. Nh2 b4 12. Ne2 d5 13. exd5 Nxd5 14. Qd2 Nxe3 15. Qxe3
bxa3 16. Rxa3 Nb4 17. Rc1 Bxg2 18. Kxg2 Bf6 19. c3 Qb7+ 20. Kg1 Nd5 21. Qd2 Rb8
22. Rc2 h6 23. h4 Be7 24. Ra1 Nf6 25. Qf4 O-O 26. Qa4 Ra8 27. Ng4 Nxg4 28. Qxg4
Rfd8 29. Qe4 Qxe4 30. dxe4 c4 31. Ra4 Rdc8 32. Nd4 g6 33. Nf3 Rc6 34. Ne5 Rc5
35. Nxc4 Rac8 36. Nd2 a5 37. Nb3 Rc4 38. Rxc4 Rxc4 39. Nxa5 Rxe4 40. b4 Kf8 41.
Kg2 Ke8 42. Nc6 Bf6 43. c4 Kd7 44. b5 g5 45. hxg5 hxg5 46. Kf3 Re1 47. Nb4 Rb1
48. Na6 Be7 49. Ke2 f5 50. Nb8+ Kc7 51. Na6+ Kc8 52. Kd3 e5 53. Kc3 e4 54. Kd4
Bf6+ 55. Kd5 Rd1+ 56. Ke6 Bd4 57. Kxf5 Bxf2 58. Rxf2 1-0

[Event "Madrid-ch 2008 Semifinal A"]
[Site "Madrid ESP"]
[Date "2008.01.09"]
[Round "3.6"]
[White "Martin Martin, Luis Vicente"]
[Black "Martin Mazuelo, Miguel Angel"]
[Result "1/2-1/2"]
[WhiteElo "2093"]
[BlackElo "1987"]
[PlyCount "90"]
[EventDate "2008.01.07"]
[EventType "swiss"]
[EventRounds "9"]
[EventCountry "ESP"]
[Source "lmi"]
[SourceDate "2008.01.07"]

1. e4 c5 2. Nf3 d6 3. d4 cxd4 4. Qxd4 Nc6 5. Bb5 a6 6. Bxc6+ bxc6 7. c4 e6 8.
O-O c5 9. Qd3 Bb7 10. Nc3 Nf6 11. Bg5 Be7 12. Rad1 Qc7 13. Nd2 Rd8 14. Rfe1 h6
15. Bh4 O-O 16. Nf1 Ng4 17. Bxe7 Qxe7 18. Qe2 Ne5 19. Ne3 Nc6 20. Nc2 Rfe8 21.
Rd3 Nb4 22. Rg3 Nxc2 23. Qxc2 Qh4 24. Rge3 Qg5 25. f3 Bc6 26. Rd3 d5 27. Qf2
dxe4 28. h4 Qf6 29. Rxd8 Rxd8 30. fxe4 Qxf2+ 31. Kxf2 Rd2+ 32. Re2 Rxe2+ 33.
Kxe2 f5 34. Ke3 Kf7 35. Kf4 Kf6 36. e5+ Kg6 37. g4 fxg4 38. Kxg4 Kf7 39. Kf4
Ke7 40. Ne2 Bg2 41. Ng3 Kd7 42. Ke3 g5 43. h5 Kc6 44. a3 Kb6 45. b3 a5 1/2-1/2

[Event "Madrid-ch 2008 Semifinal A"]
[Site "Madrid ESP"]
[Date "2008.01.09"]
[Round "3.7"]
[White "Camarero Izquierdo, Juan Carlos"]
[Black "Lorenzo Bailador, Alfredo"]
[Result "0-1"]
[WhiteElo "1985"]
[BlackElo "2060"]
[PlyCount "80"]
[EventDate "2008.01.07"]
[EventType "swiss"]
[EventRounds "9"]
[EventCountry "ESP"]
[Source "lmi"]
[SourceDate "2008.01.07"]

1. e4 e5 2. Nf3 Nc6 3. Bb5 a6 4. Ba4 Nf6 5. d3 b5 6. Bb3 Be7 7. Bd5 Nxd5 8.
exd5 Nd4 9. Nxe5 d6 10. Nc6 Nxc6 11. dxc6 Be6 12. Qf3 Bf6 13. Nc3 d5 14. Bf4 b4
15. Na4 Qb8 16. Qe3 Qb5 17. Nc5 Qxc6 18. d4 O-O 19. O-O Bf5 20. c3 Rfe8 21. Qg3
bxc3 22. bxc3 Be7 23. Nb3 Rac8 24. Rfe1 Qd7 25. h4 h5 26. Re3 c6 27. Rae1 Bf8
28. Be5 Bg6 29. Nd2 Qg4 30. Qh2 Kh7 31. Nf3 f6 32. Bd6 Rxe3 33. Rxe3 Qd7 34.
Bxf8 Rxf8 35. Nd2 Re8 36. Qf4 Rxe3 37. Qxe3 Qg4 38. g3 Qd1+ 39. Kg2 Qa1 40. Nb3
Qxa2 0-1